000
00299nam a22001337a 4500
008
170830b xxu||||| |||| 00| 0 eng d
020
_a
2900534647185
041
_a
eng
080
_2
8 ED
_a
070
100
_a
39
101
_a
MED
245
_a
MASS MEDIA RESEARCH
_c
WIMMER.R.D
942
_2
udc
_c
BK
999
_c
25491
_d
25491